| 000 | 00549nam a2200169Ia 4500 | ||
|---|---|---|---|
| 008 | 160114s9999 xx 000 0 und d | ||
| 020 | _a9780746062241 | ||
| 050 | _aFic | ||
| 050 | _b.D273s 2007 | ||
| 100 | _aDaynes, Katie | ||
| 245 | 4 |
_aThe story of cars / _cKatie Daynes ; illustrated by Adam Larkum. |
|
| 260 |
_aLondon : _bUsborne Publishing Ltd _c2007 |
||
| 300 |
_a64 pages; _bcolor illustrations ; _c20 cm. |
||
| 500 | _a "Usborne paperbacks "--Page 4 of cover. | ||
| 650 | _aAutomobiles -- History -- | ||
| 650 | _xJuvenile literature. | ||
| 999 |
_c290350 _d290350 |
||